<?xml version="1.0" encoding="UTF-8"?>
<marc:record xmlns:marc="http://www.loc.gov/MARC21/slim">
   <marc:leader>00000nam a2200000 a 4500</marc:leader>
   <marc:datafield ind1="1" ind2=" " tag="100">
      <marc:subfield code="a">Lüdtke, Helga</marc:subfield>
      <marc:subfield code="4">aut</marc:subfield>
      <marc:subfield code="e">Verfasser/-in</marc:subfield>
   </marc:datafield>
   <marc:datafield ind1=" " ind2=" " tag="653">
      <marc:subfield code="a">Haarmode</marc:subfield>
   </marc:datafield>
   <marc:datafield ind1=" " ind2=" " tag="653">
      <marc:subfield code="a">Kulturgeschichte der Weimarer Republik</marc:subfield>
   </marc:datafield>
   <marc:datafield ind1=" " ind2=" " tag="653">
      <marc:subfield code="a">Körpergeschichte</marc:subfield>
   </marc:datafield>
   <marc:datafield ind1=" " ind2=" " tag="653">
      <marc:subfield code="a">Weiblichkeitsbilder</marc:subfield>
   </marc:datafield>
   <marc:datafield ind1=" " ind2=" " tag="653">
      <marc:subfield code="a">Schönheitsbilder</marc:subfield>
   </marc:datafield>
   <marc:datafield ind1=" " ind2=" " tag="653">
      <marc:subfield code="a">Geschichte der Moderne</marc:subfield>
   </marc:datafield>
   <marc:datafield ind1=" " ind2=" " tag="653">
      <marc:subfield code="a">Emanzipation</marc:subfield>
   </marc:datafield>
   <marc:datafield ind1=" " ind2=" " tag="653">
      <marc:subfield code="a">Softcover / Geschichte/Kulturgeschichte</marc:subfield>
   </marc:datafield>
   <marc:datafield ind1="0" ind2="0" tag="245">
      <marc:subfield code="a">Der Bubikopf</marc:subfield>
   </marc:datafield>
   <marc:datafield ind1="0" ind2="0" tag="245">
      <marc:subfield code="b">männlicher Blick - weiblicher Eigen-Sinn</marc:subfield>
   </marc:datafield>
   <marc:datafield ind1="0" ind2="0" tag="245">
      <marc:subfield code="c">Helga Lüdtke</marc:subfield>
   </marc:datafield>
   <marc:datafield ind1=" " ind2="1" tag="264">
      <marc:subfield code="a">Göttingen</marc:subfield>
      <marc:subfield code="b">Wallstein Verlag</marc:subfield>
   </marc:datafield>
   <marc:datafield ind1="1" ind2=" " tag="520">
      <marc:subfield code="a">Angaben aus der Verlagsmeldung

Der Bubikopf : Männlicher Blick - weiblicher Eigen-Sinn / von Helga Lüdtke

Der Coupe à la Garçonne: Ikone der Moderne und Gegenstand erbitterter Kontroverse um weibliche Selbstbestimmung.

Nicht nur in Berlin eigneten sich Frauen aller sozialen Schichten massenhaft den revolutionären Bubikopf an - trotz vielfältiger Widerstände aus der patriarchalisch geprägten Gesellschaft. Im Mittelpunkt der vehement geführten Kontroverse stand die »vermännlichte«, die androgyne Frau, die das traditionelle Bild von Weiblichkeit in Frage stellte. Dennoch trafen viele Frauen ihre persönliche, eigensinnige Entscheidung. Der Bubikopf wurde von ihnen als Chiffre der Moderne erlebt, als Zeichen für Selbstbestimmtheit und Emanzipation.
Helga Lüdtke untersucht den Bubikopf in seiner Bild- und Zeichenhaftigkeit, seinen politischen, wirtschaftlichen, sozialen, religiösen und ideologischen Deutungszusammenhängen - aus der Perspektive des Friseurhandwerks, der konsumgeschichtlichen Zusammenhänge, der Körpergeschichte, der Geschlechtergeschichte sowie der Unterhaltungs- und Kulturgeschichte. In der Synthese entsteht ein Panoptikum der Weimarer Jahre, das auch in seiner reichen, zum Teil farbigen Bebilderung der Methodik von »Geschichte als Collage« folgt.
</marc:subfield>
   </marc:datafield>
   <marc:datafield ind1=" " ind2=" " tag="020">
      <marc:subfield code="a">9783835339545</marc:subfield>
      <marc:subfield code="9">9783835339545</marc:subfield>
   </marc:datafield>
   <marc:datafield ind1=" " ind2=" " tag="020">
      <marc:subfield code="a">3835339540</marc:subfield>
      <marc:subfield code="9">3835339540</marc:subfield>
   </marc:datafield>
   <marc:datafield ind1=" " ind2=" " tag="041">
      <marc:subfield code="a">ger</marc:subfield>
   </marc:datafield>
   <marc:datafield ind1=" " ind2=" " tag="300">
      <marc:subfield code="a">301 Seiten</marc:subfield>
   </marc:datafield>
</marc:record>
